Types of Geographical Features #2 - Statistics

General Stats
  • This quiz has been taken 32 times
  • The average score is 15 of 20
Answer Stats
Hint Answer % Correct
Mountain that erupts lava Volcano
100%
Artifical waterway constructed to allow the passage of boats Canal
96%
Steep rock face, generally at the edge of the sea Cliff
96%
Dry, sandy or rocky region Desert
96%
Floating ice, broken from the above Iceberg
96%
Group of islands Archipelago
93%
Low area between hills or mountains Valley
93%
Natural hollow or chamber in the earth Cave
89%
Hot spring that periodically erupts Geyser
89%
Mound or ridge of sand or other loose sediment, formed by the wind Dune
86%
Landform at river mouth Delta
82%
Large, slow-moving ice mass Glacier
82%
Large, mostly flat, expanse of land Plain
82%
Elevated flat area Plateau
79%
Grass open space, often lush with flowers Meadow
68%
Isolated flat-topped hill with steep sides Mesa
54%
Grassy woodland biome Savannah
32%
A curve or recess in a coastline Bight
25%
Small hill Knoll
18%
Deeper than the above Sound
7%
No matching quizzes found
Score Distribution
Percent of People with Each Score
Percentile by Number Answered
Your Score History
You have not taken this quiz